• 首页
  • 本馆介绍
  • 公告通知
  • 最新文献
  • 馆藏检索
  • 电子资源
  • 读者导购
  • 参考咨询
  • 我的图书馆
  • 登录
  • 详细信息显示
  • 放入我的书架
  • 预约/预借图书
  • 作者相关作品
  • 分类相关作品
  • 丛书相关作品
  • 出版社相关作品

书目信息

  • 表格格式
  • 工作单格式
  • 卡片格式
题名:
年度学术2005
    
 
作者: 赵汀阳 主编
分册:  
出版信息: 北京   中国人民大学出版社  2005
页数: 403页
开本: 24cm
丛书名: 朗朗书房
单 册:
中图分类: C53 , B0-53
科图分类:
主题词: 社会科学--文集 , 哲学理论--文集 , 社会科学 , 哲学理论
电子资源:
ISBN: 7-300-06716-6
000 01057oam2 2200325 450
001 1259395724
005 20121002163040.53
010    @a7-300-06716-6@dCNY29.80
100    @a20060425d2005 emky0chiy50 ea
101 0  @achi
102    @aCN@b110000
105    @ay z 000yy
200 1  @a年度学术2005@Anian du xue shu 2005@e第一哲学@dTheoria 2005@eFirst philosophy@f赵汀阳主编@zeng
210    @a北京@c中国人民大学出版社@d2005
215    @a403页@d24cm
225 2  @a朗朗书房@i犀锐系列
330    @a本书以收录长篇学术论文为主,作者都是当前活跃于学界的知名学者,所收文章分为“第一哲学之路”、“哲学的文化解释”以及“纪念德里达”三类。
461  0 @12001 @a朗朗书房
462  0 @12001 @a犀锐系列
510 1  @aTheoria 2005@eFirst philosophy@zeng
517 1  @a第一哲学@Adi yi zhe xue
606 0  @a社会科学@j文集
606 0  @a哲学理论@j文集
606 0  @a社会科学
606 0  @a哲学理论
690    @aC53@v4
690    @aB0-53@v4
701  0 @a赵汀阳@Azhao ting yang@f(1961~)@4主编
801  0 @aCN@bNLC@c20101222
905    @a10447@dC53@eJY54
    
    年度学术2005:第一哲学=Theoria 2005:First philosophy/赵汀阳主编.-北京:中国人民大学出版社,2005
    403页;24cm.-(朗朗书房.犀锐系列)
    
    
    ISBN 7-300-06716-6:CNY29.80
    本书以收录长篇学术论文为主,作者都是当前活跃于学界的知名学者,所收文章分为“第一哲学之路”、“哲学的文化解释”以及“纪念德里达”三类。
●
相关链接 在E读中查询图书 在五车中查询图书 在当当中查询图书 在豆瓣中查询图书


正题名:年度学术2005     索取号:C53/JY54         预约/预借

序号 登录号 条形码 馆藏地/架位号 状态 备注
1 7810118   278101180   学院路分馆/ [索取号:C53/JY54] 在馆    
2 7810119   278101199   学院路分馆/ [索取号:C53/JY54] 在馆    
唐山师范学院图书馆 欢迎您!
大连网信软件有限公司© 版权所有